[Event "Quebec-ch U20"]
[Site "Montreal CAN"]
[Date "2017.04.23"]
[Round "5"]
[White "Huang, Qiuyu"]
[Black "Ouellet, Maili-Jade"]
[Result "0-1"]
[WhiteElo "2159"]
[BlackElo "2170"]
[WhiteFideId "-1"]
[WhiteFideId "-1"]
[PlyCount "56"]
[GameId "2160767908411834"]
[EventDate "2017.04.21"]
[EventType "swiss"]
[EventRounds "5"]
[EventCountry "CAN"]
[SourceTitle "EXT 2022"]
[Source "ChessBase"]
[SourceDate "2021.10.06"]
[SourceVersion "1"]
[SourceVersionDate "2021.10.06"]
[SourceQuality "1"]

1. e4 c5 2. Nf3 e6 3. d4 cxd4 4. Nxd4 a6 5. Bd3 Bc5 6. Nb3 Be7 7. c4 d6 8. Nc3 Nf6 9. O-O b6 10. Be3 Bb7 11. Qe2 Qc7 12. h3 h5 13. f4 Nbd7 14. a4 Rb8 15. Bd2 Ba8 16. Rfe1 h4 17. Nd4 Nh5 18. Nd5 exd5 19. exd5 Nf8 20. a5 bxa5 21. Bxa5 Qa7 22. c5 Nxf4 23. Bb5+ axb5 24. Qf3 Nxd5 25. Bb6 Qxa1 26. Rxa1 Nxb6 27. Qe2 dxc5 28. Qxb5+ Nbd7 0-1

[Event "Quebec-ch U20"]
[Site "Montreal CAN"]
[Date "2017.04.23"]
[Round "5"]
[White "Saha, Ananda"]
[Black "Yan, Alex Jikai"]
[Result "1-0"]
[WhiteElo "2161"]
[BlackElo "1136"]
[WhiteFideId "-1"]
[WhiteFideId "-1"]
[PlyCount "165"]
[GameId "2160767908411835"]
[EventDate "2017.04.21"]
[EventType "swiss"]
[EventRounds "5"]
[EventCountry "CAN"]
[SourceTitle "EXT 2022"]
[Source "ChessBase"]
[SourceDate "2021.10.06"]
[SourceVersion "1"]
[SourceVersionDate "2021.10.06"]
[SourceQuality "1"]

1. d4 Nf6 2. c4 d5 3. cxd5 Nxd5 4. e4 Nf6 5. Nc3 Nc6 6. Nf3 Bg4 7. d5 Ne5 8. Be2 Nxf3+ 9. Bxf3 Bxf3 10. Qxf3 e6 11. dxe6 fxe6 12. O-O Be7 13. Rd1 Qc8 14. e5 Nd7 15. Qg4 Nxe5 16. Qxg7 Ng6 17. Ne4 e5 18. Bg5 Rf8 19. Bxe7 Nxe7 20. Nf6+ Rxf6 21. Qxf6 Qf5 22. Qh8+ Qf8 23. Qxe5 Qf5 24. Qh8+ Qf8 25. Qxh7 Qf7 26. Qe4 Rb8 27. Rac1 c6 28. Qd4 Ra8 29. Qd7+ Kf8 30. Qxb7 Qe8 31. Re1 Rd8 32. Qxa7 Qf7 33. Rc3 Ng8 34. Rf3 Nf6 35. Qc5+ Kg8 36. Qg5+ Qg7 37. Qxf6 Qxf6 38. Rxf6 c5 39. h3 Kg7 40. Rc6 Rd2 41. Re7+ Kf8 42. Ra7 Rd8 43. Rxc5 Kg8 44. Rcc7 Re8 45. Rg7+ Kh8 46. Rh7+ Kg8 47. Rag7+ Kf8 48. Rh8+ Kxg7 49. Rxe8 Kf7 50. Re3 Kf6 51. b4 Kf7 52. a4 Kf8 53. b5 Kf7 54. a5 Kf8 55. b6 Kf7 56. a6 Kf8 57. b7 Kf7 58. a7 Kf6 59. g4 Kg5 60. Kg2 Kg6 61. f4 Kf7 62. h4 Kf6 63. f5 Kf7 64. g5 Kg7 65. h5 Kf7 66. f6 Kf8 67. g6 Kg8 68. h6 Kf8 69. a8=B Kg8 70. b8=B Kf8 71. Ra3 Ke8 72. h7 Kd7 73. h8=B Ke6 74. f7 Ke7 75. Rf3 Ke6 76. g7 Kd7 77. g8=B Ke6 78. f8=B+ Kd7 79. Bb7 Kd8 80. Bf7 Kd7 81. Re3 Kd8 82. Bf6+ Kd7 83. Be8# 1-0

[Event "Quebec-ch U20"]
[Site "Montreal CAN"]
[Date "2017.04.23"]
[Round "5"]
[White "Tanaka, Tyler"]
[Black "Zhong, Kevin"]
[Result "1-0"]
[WhiteElo "1959"]
[BlackElo "1913"]
[WhiteFideId "-1"]
[WhiteFideId "-1"]
[PlyCount "71"]
[GameId "2160767908411836"]
[EventDate "2017.04.21"]
[EventType "swiss"]
[EventRounds "5"]
[EventCountry "CAN"]
[SourceTitle "EXT 2022"]
[Source "ChessBase"]
[SourceDate "2021.10.06"]
[SourceVersion "1"]
[SourceVersionDate "2021.10.06"]
[SourceQuality "1"]

1. e4 c5 2. Nf3 Nc6 3. d4 cxd4 4. Nxd4 g6 5. Nc3 Bg7 6. Be3 Nf6 7. Bc4 Qa5 8. O-O O-O 9. h3 Qb4 10. Bb3 d6 11. a3 Qa5 12. f4 Bd7 13. Kh1 Nxd4 14. Bxd4 Bc6 15. Qd3 Nd7 16. Bxg7 Kxg7 17. Nd5 Rfe8 18. Ba2 e6 19. b4 Qd8 20. Nc3 Nf6 21. b5 Bd7 22. Qxd6 Rc8 23. e5 Nh5 24. Qd3 Qc7 25. Rf3 Nxf4 26. Qf1 Qxe5 27. Rxf4 Rxc3 28. Rxf7+ Kg8 29. Rxd7 Rf8 30. Qg1 Qf5 31. Rd3 Rxc2 32. Rf3 Qe4 33. Re1 Re2 34. Rxf8+ Kxf8 35. Qf1+ Kg7 36. Qxe2 1-0

[Event "Quebec-ch U20"]
[Site "Montreal CAN"]
[Date "2017.04.23"]
[Round "5"]
[White "Turgeon, Yoakim"]
[Black "Tsukerman, Julia"]
[Result "1-0"]
[WhiteElo "1773"]
[BlackElo "1544"]
[WhiteFideId "-1"]
[WhiteFideId "-1"]
[PlyCount "41"]
[GameId "2160767908411837"]
[EventDate "2017.04.21"]
[EventType "swiss"]
[EventRounds "5"]
[EventCountry "CAN"]
[SourceTitle "EXT 2022"]
[Source "ChessBase"]
[SourceDate "2021.10.06"]
[SourceVersion "1"]
[SourceVersionDate "2021.10.06"]
[SourceQuality "1"]

1. d4 Nf6 2. e3 g6 3. Bd3 Bg7 4. f4 d6 5. Nf3 O-O 6. e4 Nbd7 7. e5 Ne8 8. h4 c5 9. c3 cxd4 10. cxd4 dxe5 11. fxe5 f6 12. Qb3+ Kh8 13. h5 g5 14. h6 Rg8 15. Bc4 Rf8 16. Qd3 f5 17. hxg7+ Kxg7 18. Nxg5 Nc7 19. Rxh7+ Kg6 20. Qh3 f4 21. Qh5+ 1-0

[Event "Quebec-ch U20 Participation"]
[Site "Montreal CAN"]
[Date "2017.04.21"]
[Round "1"]
[White "Zhang, Chu Hang"]
[Black "Liu, Eric"]
[Result "1-0"]
[WhiteElo "1348"]
[BlackElo "1216"]
[WhiteFideId "-1"]
[WhiteFideId "-1"]
[PlyCount "71"]
[GameId "2160767908411841"]
[EventDate "2017.04.21"]
[EventType "swiss"]
[EventRounds "5"]
[EventCountry "CAN"]
[SourceTitle "EXT 2022"]
[Source "ChessBase"]
[SourceDate "2021.10.06"]
[SourceVersion "1"]
[SourceVersionDate "2021.10.06"]
[SourceQuality "1"]

1. e4 e5 2. Nf3 Nc6 3. Bc4 Bc5 4. d3 Nf6 5. Nc3 d6 6. Bg5 h6 7. Bh4 O-O 8. Nd5 Bg4 9. Bxf6 gxf6 10. h3 Bh5 11. g4 Bg6 12. Nh4 Nb4 13. Nxb4 Bxb4+ 14. c3 Bc5 15. Nxg6 Re8 16. Nh4 c6 17. Nf5 d5 18. exd5 cxd5 19. Bb5 Re6 20. Nxh6+ Kg7 21. Nf5+ Kf8 22. Qd2 Kg8 23. Ba4 Ra6 24. Bb3 b5 25. h4 Rb8 26. h5 b4 27. c4 Bf8 28. cxd5 Bg7 29. h6 Bh8 30. h7+ Kf8 31. Qh6+ Ke8 32. d6 Kd7 33. Rc1 Rxd6 34. Ba4+ Ke6 35. Nxd6 Qxd6 36. Rc6 1-0

[Event "Quebec-ch U20 Participation"]
[Site "Montreal CAN"]
[Date "2017.04.22"]
[Round "2"]
[White "Bercuvitz, Tani"]
[Black "Sui, Yu Shun"]
[Result "1/2-1/2"]
[WhiteElo "1369"]
[BlackElo "1364"]
[WhiteFideId "-1"]
[WhiteFideId "-1"]
[PlyCount "92"]
[GameId "2160767908411842"]
[EventDate "2017.04.21"]
[EventType "swiss"]
[EventRounds "5"]
[EventCountry "CAN"]
[SourceTitle "EXT 2022"]
[Source "ChessBase"]
[SourceDate "2021.10.06"]
[SourceVersion "1"]
[SourceVersionDate "2021.10.06"]
[SourceQuality "1"]

1. d4 d5 2. c4 dxc4 3. Nc3 e5 4. e3 exd4 5. exd4 Nf6 6. Bxc4 c5 7. Nf3 Nbd7 8. O-O b6 9. Bg5 Be7 10. Re1 O-O 11. Rc1 Bb7 12. d5 Bd6 13. Ne4 Ne5 14. Bxf6 gxf6 15. Nxd6 Qxd6 16. Nxe5 fxe5 17. Qb3 f5 18. Qg3+ Kh8 19. Qxe5+ Qxe5 20. Rxe5 Rad8 21. Rd1 Rd6 22. Re7 Bc6 23. Rxa7 Rfd8 24. h3 Bxd5 25. Rxd5 Rxd5 26. Bxd5 Rxd5 27. Ra6 b5 28. b3 c4 29. bxc4 bxc4 30. Rc6 Rd1+ 31. Kh2 Rd2 32. Rxc4 Rxa2 33. Rf4 Ra5 34. Kg3 Kg7 35. Kh4 Kg6 36. g4 fxg4 37. hxg4 h5 38. f3 hxg4 39. fxg4 Re5 40. Rd4 Re6 41. Rd5 Kh6 42. g5+ Kg6 43. Rd4 Rc6 44. Kg4 Rc5 45. Rd6+ Kg7 46. g6 Rb5 1/2-1/2

[Event "Quebec-ch U20 Participation"]
[Site "Montreal CAN"]
[Date "2017.04.23"]
[Round "4"]
[White "Bercuvitz, Tani"]
[Black "Liu, Eric"]
[Result "1-0"]
[WhiteElo "1369"]
[BlackElo "1216"]
[WhiteFideId "-1"]
[WhiteFideId "-1"]
[PlyCount "121"]
[GameId "2160767908411848"]
[EventDate "2017.04.21"]
[EventType "swiss"]
[EventRounds "5"]
[EventCountry "CAN"]
[SourceTitle "EXT 2022"]
[Source "ChessBase"]
[SourceDate "2021.10.06"]
[SourceVersion "1"]
[SourceVersionDate "2021.10.06"]
[SourceQuality "1"]

1. d4 d5 2. c4 e6 3. Nc3 Nf6 4. Bg5 h6 5. Bh4 Be7 6. Nf3 O-O 7. Rc1 Nc6 8. e3 b6 9. Be2 Bb7 10. O-O Qd7 11. Ne5 Nxe5 12. dxe5 Ne8 13. Bxe7 Qxe7 14. cxd5 Rd8 15. e4 c6 16. Bf3 cxd5 17. exd5 exd5 18. Re1 d4 19. Nb5 d3 20. Rc3 d2 21. Ree3 Bxf3 22. Rxf3 Qxe5 23. Rfe3 Qxb5 24. Rc2 Nf6 25. Rxd2 Rxd2 26. Qxd2 Rc8 27. h3 Nd5 28. Rb3 Qc6 29. Kh2 Nf6 30. Rc3 Qb7 31. Re3 Ne4 32. Qd4 f5 33. Rf3 Rf8 34. a4 Ng5 35. Rg3 Ne6 36. Qc4 Qe4 37. Qa6 Qa8 38. Qc4 Qc8 39. Qb3 Kh7 40. Qe3 f4 41. Qe4+ Kh8 42. Rc3 Nc5 43. Qe7 Qd8 44. Qxa7 Qd2 45. Qxb6 Nxa4 46. Qb4 Rg8 47. Qxa4 Qxb2 48. Rf3 g5 49. Qc6 Qg7 50. Rd3 Qh7 51. Rd6 Kg7 52. Rd7+ Kh8 53. Rxh7+ Kxh7 54. Qd7+ Rg7 55. Qf5+ Rg6 56. g3 fxg3+ 57. Kxg3 h5 58. Qf7+ Kh6 59. Qe8 Rg7 60. Qh8+ Rh7 61. Qf6# 1-0

[Event "Quebec-ch U20 Participation"]
[Site "Montreal CAN"]
[Date "2017.04.23"]
[Round "4"]
[White "Sui, Yu Shun"]
[Black "Zhang, Chu Hang"]
[Result "0-1"]
[WhiteElo "1364"]
[BlackElo "1348"]
[WhiteFideId "-1"]
[WhiteFideId "-1"]
[PlyCount "173"]
[GameId "2160767908411849"]
[EventDate "2017.04.21"]
[EventType "swiss"]
[EventRounds "5"]
[EventCountry "CAN"]
[SourceTitle "EXT 2022"]
[Source "ChessBase"]
[SourceDate "2021.10.06"]
[SourceVersion "1"]
[SourceVersionDate "2021.10.06"]
[SourceQuality "1"]

1. e4 c5 2. Nf3 Nc6 3. d4 cxd4 4. Nxd4 g6 5. Nc3 Bg7 6. Be3 e6 7. Bb5 Nge7 8. Qd2 a6 9. Bxc6 bxc6 10. Rd1 d5 11. exd5 cxd5 12. Nf3 Nf5 13. Bf4 f6 14. O-O O-O 15. Rfe1 e5 16. Bg3 d4 17. Nh4 Qa5 18. Nxf5 Bxf5 19. Ne4 Qxa2 20. b3 Bxe4 21. Rxe4 Rfc8 22. Re2 Rc3 23. f4 Rac8 24. Rc1 Bh6 25. Qd1 exf4 26. Ra1 Qb2 27. Rb1 Qa3 28. Be1 f3 29. Re6 Be3+ 30. Kf1 fxg2+ 31. Kxg2 Rxc2+ 32. Kf1 Rc1 33. Rxc1 Qxc1 34. Qf3 Bg5 35. Rxa6 Re8 36. Qd5+ Kh8 37. Re6 Qf4+ 38. Bf2 Rxe6 39. Qxe6 Bh4 40. Qe1 d3 41. Kg1 Bxf2+ 42. Qxf2 Qc1+ 43. Kg2 Qc2 44. Kf1 Qc3 45. Qb6 Qc1+ 46. Kf2 Qd2+ 47. Kf3 Qe2+ 48. Kg3 Kg7 49. Qc7+ Kh6 50. Qf4+ Kg7 51. Qc7+ Kf8 52. Qd8+ Kf7 53. Qd7+ Qe7 54. Qxd3 Qe5+ 55. Kg2 Qg5+ 56. Kh1 f5 57. b4 Qc1+ 58. Kg2 Qb2+ 59. Kf3 Qxb4 60. Qd7+ Qe7 61. Qd5+ Kg7 62. Qd4+ Kh6 63. Qf4+ Qg5 64. Qd6 Qg4+ 65. Kf2 Kh5 66. Qc7 h6 67. Qc3 g5 68. Qe5 Qf4+ 69. Qxf4 gxf4 70. Kf3 Kg5 71. h4+ Kxh4 72. Kxf4 h5 73. Kxf5 Kg3 74. Kg5 h4 75. Kf5 h3 76. Kg5 h2 77. Kf5 h1=Q 78. Ke5 Qf3 79. Kd4 Qf5 80. Ke3 Qf4+ 81. Kd3 Kf3 82. Kc3 Ke3 83. Kb2 Qd4+ 84. Kc2 Qd3+ 85. Kb2 Kd2 86. Ka2 Qb5 87. Ka3 0-1

[Event "Quebec-ch U20 Participation"]
[Site "Montreal CAN"]
[Date "2017.04.23"]
[Round "5"]
[White "Liu, Eric"]
[Black "Sui, Yu Shun"]
[Result "1-0"]
[WhiteElo "1216"]
[BlackElo "1364"]
[WhiteFideId "-1"]
[WhiteFideId "-1"]
[PlyCount "47"]
[GameId "2160767908411852"]
[EventDate "2017.04.21"]
[EventType "swiss"]
[EventRounds "5"]
[EventCountry "CAN"]
[SourceTitle "EXT 2022"]
[Source "ChessBase"]
[SourceDate "2021.10.06"]
[SourceVersion "1"]
[SourceVersionDate "2021.10.06"]
[SourceQuality "1"]

1. e4 e5 2. Nf3 Nc6 3. Bc4 Nf6 4. O-O Nxe4 5. Re1 f5 6. d3 Nf6 7. Nxe5 Be7 8. Nf7 d5 9. Nxd8 Nxd8 10. Bb3 O-O 11. Rxe7 Nc6 12. Rxc7 Bd7 13. Rxb7 Rfe8 14. Bxd5+ Nxd5 15. Rxd7 Nf6 16. Rc7 Nd4 17. Be3 Rad8 18. c3 Nb5 19. Qb3+ Kh8 20. Qxb5 Nd5 21. Rxa7 f4 22. Qb7 Re7 23. Qxd5 Rxd5 24. Ra8+ 1-0

[Event "RA CC Pickup 1"]
[Site "Ottawa CAN"]
[Date "2017.06.22"]
[Round "5"]
[White "Upper, John"]
[Black "Simic, Dusan"]
[Result "1-0"]
[WhiteElo "2102"]
[BlackElo "2162"]
[WhiteFideId "-1"]
[WhiteFideId "-1"]
[PlyCount "67"]
[GameId "2160767908411632"]
[EventDate "2017.05.01"]
[EventType "swiss"]
[EventRounds "5"]
[EventCountry "CAN"]

1. c4 e5 2. Nc3 Nf6 3. Nf3 Nc6 4. e3 d5 5. cxd5 Nxd5 6. Bb5 Qd6 7. d4 Nxc3 8. bxc3 Bd7 9. d5 Nb8 10. Bxd7+ Nxd7 11. e4 Qg6 12. O-O Bd6 13. Qa4 Rd8 14. Nh4 Qf6 15. Nf5 Bc5 16. Rb1 Bb6 17. Ba3 g6 18. Be7 Qxe7 19. Nxe7 Kxe7 20. Kh1 g5 21. Qd1 Nf6 22. Qf3 Rhg8 23. Qf5 Nd7 24. Qxh7 Rg6 25. Qh3 Rdg8 26. Qg4 Rf6 27. Qe2 Rh6 28. c4 Rh4 29. g3 Rh3 30. Kg2 g4 31. f3 Rgh8 32. Rh1 gxf3+ 33. Qxf3 R3h6 34. Rbf1 1-0

[Event "RA CC Spring Thaw"]
[Site "Ottawa CAN"]
[Date "2017.04.13"]
[Round "5"]
[White "Upper, John"]
[Black "Zhou, Qiyu"]
[Result "1-0"]
[WhiteElo "2142"]
[BlackElo "2331"]
[WhiteFideId "-1"]
[WhiteFideId "-1"]
[PlyCount "81"]
[GameId "2160767908478163"]
[EventDate "2017.03.16"]
[EventType "tourn"]
[EventRounds "5"]
[EventCountry "CAN"]

1. c4 e5 2. Nc3 Nc6 3. e3 Bc5 4. Nf3 d6 5. d4 exd4 6. exd4 Bb6 7. b4 a5 8. b5 Nce7 9. Na4 Ba7 10. Bb2 Nf6 11. Bd3 O-O 12. h3 Ng6 13. O-O Nf4 14. Qd2 N6h5 15. Rfe1 Qf6 16. Be4 Bf5 17. Bxf5 Qxf5 18. Re3 Qg6 19. Ne1 d5 20. c5 Qg5 21. Rd1 f5 22. b6 cxb6 23. cxb6 Bb8 24. Ba3 Rc8 25. Nc5 Qg6 26. Qb2 Rc6 27. Nd7 Bd6 28. Rb1 Rac8 29. Bxd6 Rxd6 30. Nc5 Qg5 31. Qb5 h6 32. Kh2 Rg6 33. g3 Kh7 34. Nf3 Qd8 35. Ne5 Nxh3 36. Nxg6 Nxf2 37. Ne5 Qg5 38. Qe2 f4 39. Qxf2 fxe3 40. Qg2 Rf8 41. Ne6 1-0

[Event "RA December op"]
[Site "Ottawa CAN"]
[Date "2017.12.08"]
[Round "1"]
[White "Donev, Danail"]
[Black "Demchenko, Svitlana"]
[Result "0-1"]
[WhiteElo "2073"]
[BlackElo "2288"]
[WhiteFideId "-1"]
[WhiteFideId "-1"]
[PlyCount "94"]
[GameId "2160767908292243"]
[EventDate "2017.12.08"]
[EventType "swiss"]
[EventRounds "5"]
[EventCountry "CAN"]
[SourceTitle "EXT 2022"]
[Source "ChessBase"]
[SourceDate "2021.10.06"]
[SourceVersion "1"]
[SourceVersionDate "2021.10.06"]
[SourceQuality "1"]

1. e4 g6 2. d4 Bg7 3. Nc3 d6 4. Be3 Nd7 5. Bc4 a6 6. a4 e6 7. Qd2 Ne7 8. Bh6 O-O 9. h4 Bxh6 10. Qxh6 Kh8 11. h5 Ng8 12. Qd2 g5 13. O-O-O h6 14. e5 b5 15. axb5 axb5 16. Bxb5 Ra1+ 17. Nb1 Bb7 18. f4 Qa8 19. Ne2 Bd5 20. Nec3 Nb6 21. fxg5 Ne7 22. Qf4 Nf5 23. g4 Bxh1 24. gxf5 Qf3 25. Qd2 Qxh5 26. gxh6 Rg8 27. fxe6 fxe6 28. exd6 cxd6 29. Qf4 Nd5 30. Be2 Nxf4 31. Bxh5 Bg2 32. Be2 Nxe2+ 33. Nxe2 Bf3 34. Kd2 Ra2 35. Nbc3 Rxb2 36. Rf1 Bg4 37. Rf7 Bf5 38. Ke3 Rxc2 39. Nb5 Rg2 40. Nbc3 Rh2 41. d5 Rxh6 42. dxe6 Rxe6+ 43. Kf4 Bg6 44. Rd7 Bd3 45. Nd4 Rf6+ 46. Ke3 Rxc3 47. Kd2 Ra3 0-1

[Event "RA December op"]
[Site "Ottawa CAN"]
[Date "2017.12.08"]
[Round "1"]
[White "Pacey, Kevin"]
[Black "Doubleday, William"]
[Result "0-1"]
[WhiteElo "2195"]
[BlackElo "2040"]
[WhiteFideId "-1"]
[WhiteFideId "-1"]
[PlyCount "74"]
[GameId "2160767908292244"]
[EventDate "2017.12.08"]
[EventType "swiss"]
[EventRounds "5"]
[EventCountry "CAN"]
[SourceTitle "EXT 2022"]
[Source "ChessBase"]
[SourceDate "2021.10.06"]
[SourceVersion "1"]
[SourceVersionDate "2021.10.06"]
[SourceQuality "1"]

1. d4 d5 2. Nf3 Nf6 3. c4 e6 4. Nc3 c6 5. Bg5 Nbd7 6. e3 h6 7. Bh4 Be7 8. Rc1 Ne4 9. Bxe7 Qxe7 10. Bd3 f5 11. O-O O-O 12. Qe2 g5 13. Bxe4 dxe4 14. Nd2 e5 15. d5 Nf6 16. f3 exf3 17. gxf3 Bd7 18. Kh1 Rf7 19. e4 f4 20. a3 Rg7 21. b4 Kh8 22. c5 Rag8 23. b5 Qf7 24. dxc6 bxc6 25. Nc4 Qe6 26. Nd6 g4 27. Nf5 Rg6 28. fxg4 Nxg4 29. b6 axb6 30. cxb6 Qb3 31. Ne7 Qxb6 32. Rg1 R6g7 33. h3 Nf2+ 34. Kh2 Rxe7 35. Rxg8+ Kxg8 36. Qh5 Nd3 37. Rg1+ Rg7 0-1

[Event "RA December op"]
[Site "Ottawa CAN"]
[Date "2017.12.08"]
[Round "1"]
[White "Zhang, Jikai"]
[Black "Simic, Dusan"]
[Result "1-0"]
[WhiteElo "2039"]
[BlackElo "2134"]
[WhiteFideId "-1"]
[WhiteFideId "-1"]
[PlyCount "79"]
[GameId "2160767908292245"]
[EventDate "2017.12.08"]
[EventType "swiss"]
[EventRounds "5"]
[EventCountry "CAN"]
[SourceTitle "EXT 2022"]
[Source "ChessBase"]
[SourceDate "2021.10.06"]
[SourceVersion "1"]
[SourceVersionDate "2021.10.06"]
[SourceQuality "1"]

1. e4 d6 2. d4 Nf6 3. Bd3 g6 4. h3 Bg7 5. Be3 Nc6 6. Nf3 e5 7. dxe5 dxe5 8. Bc5 Nd7 9. Ba3 Nd4 10. c3 Nxf3+ 11. Qxf3 c5 12. b4 O-O 13. bxc5 Re8 14. O-O Qc7 15. Bb5 Re6 16. Bxd7 Bxd7 17. c4 Ra6 18. Qb3 b6 19. Nc3 Bf8 20. Nd5 Qb7 21. Bb2 Bg7 22. f4 Ba4 23. Qf3 bxc5 24. Bxe5 f6 25. Rab1 Qd7 26. Nc7 Rc8 27. Nxa6 fxe5 28. fxe5 Bxe5 29. Kh1 Qe7 30. Qd3 Bc6 31. Qa3 Bd4 32. Rbe1 Bxe4 33. Qf3 Re8 34. Rxe4 Qxe4 35. Qf7+ Kh8 36. Nc7 Rg8 37. Ne6 h6 38. Nxd4 Qxd4 39. Qxa7 Qxc4 40. Rf7 1-0

[Event "RA December op"]
[Site "Ottawa CAN"]
[Date "2017.12.09"]
[Round "2"]
[White "Adriaanse, Adam"]
[Black "Sadeghi, Saeid"]
[Result "1-0"]
[WhiteElo "2088"]
[BlackElo "2050"]
[WhiteFideId "-1"]
[WhiteFideId "-1"]
[PlyCount "65"]
[GameId "2160767908292246"]
[EventDate "2017.12.08"]
[EventType "swiss"]
[EventRounds "5"]
[EventCountry "CAN"]
[SourceTitle "EXT 2022"]
[Source "ChessBase"]
[SourceDate "2021.10.06"]
[SourceVersion "1"]
[SourceVersionDate "2021.10.06"]
[SourceQuality "1"]

1. d4 d5 2. c4 c6 3. Nc3 Nf6 4. Nf3 a6 5. Qd3 g6 6. e4 dxe4 7. Nxe4 Nxe4 8. Qxe4 Bg7 9. Qe3 O-O 10. Bd3 Nd7 11. Bd2 e5 12. dxe5 Nxe5 13. Nxe5 Bxe5 14. Qxe5 Re8 15. Qxe8+ Qxe8+ 16. Be3 Qe5 17. O-O-O Bf5 18. Bxf5 gxf5 19. Rd4 c5 20. Rd5 Qe4 21. b3 b6 22. Rhd1 Re8 23. g3 Kg7 24. h4 Kg6 25. Rd6+ Re6 26. Rd8 Kg7 27. R1d3 a5 28. Bd2 Qh1+ 29. Kb2 Re2 30. Ka3 Rxf2 31. Bc3+ Kg6 32. Rg8+ Kh5 33. Rg5+ 1-0

[Event "RA December op"]
[Site "Ottawa CAN"]
[Date "2017.12.09"]
[Round "2"]
[White "Demchenko, Svitlana"]
[Black "Zhang, Jikai"]
[Result "1/2-1/2"]
[WhiteElo "2288"]
[BlackElo "2039"]
[WhiteFideId "-1"]
[WhiteFideId "-1"]
[PlyCount "42"]
[GameId "2160767908292247"]
[EventDate "2017.12.08"]
[EventType "swiss"]
[EventRounds "5"]
[EventCountry "CAN"]
[SourceTitle "EXT 2022"]
[Source "ChessBase"]
[SourceDate "2021.10.06"]
[SourceVersion "1"]
[SourceVersionDate "2021.10.06"]
[SourceQuality "1"]

1. e4 c5 2. Nf3 e6 3. d4 cxd4 4. Nxd4 a6 5. Bd3 Qc7 6. Nc3 b5 7. O-O Bb7 8. Be3 Nf6 9. f3 Bd6 10. Kh1 b4 11. Na4 h5 12. Ne2 Nc6 13. f4 Ng4 14. Bb6 Qb8 15. h3 g5 16. e5 Ncxe5 17. fxe5 Bxe5 18. Bg1 Bc6 19. Nc5 Bh2 20. Bd4 Be5 21. Bg1 Bh2 1/2-1/2

[Event "RA December op"]
[Site "Ottawa CAN"]
[Date "2017.12.09"]
[Round "2"]
[White "Villeneuve, Robert"]
[Black "Pacey, Kevin"]
[Result "1-0"]
[WhiteElo "2046"]
[BlackElo "2195"]
[WhiteFideId "-1"]
[WhiteFideId "-1"]
[PlyCount "37"]
[GameId "2160767908292248"]
[EventDate "2017.12.08"]
[EventType "swiss"]
[EventRounds "5"]
[EventCountry "CAN"]
[SourceTitle "EXT 2022"]
[Source "ChessBase"]
[SourceDate "2021.10.06"]
[SourceVersion "1"]
[SourceVersionDate "2021.10.06"]
[SourceQuality "1"]

1. e4 c5 2. Nc3 e6 3. Nge2 a6 4. g3 b5 5. Bg2 Bb7 6. O-O d6 7. d4 cxd4 8. Nxd4 Nf6 9. Re1 Nbd7 10. e5 Bxg2 11. exf6 Bb7 12. fxg7 Bxg7 13. Nf5 Be5 14. Nxd6+ Bxd6 15. Qxd6 Qf6 16. Bf4 Qf5 17. Rad1 Rd8 18. Nd5 Bxd5 19. Rxd5 1-0

[Event "RA December op"]
[Site "Ottawa CAN"]
[Date "2017.12.09"]
[Round "2"]
[White "Xu, Daniel"]
[Black "Gordon, David"]
[Result "0-1"]
[WhiteElo "1906"]
[BlackElo "2291"]
[WhiteFideId "-1"]
[WhiteFideId "-1"]
[PlyCount "56"]
[GameId "2160767908292249"]
[EventDate "2017.12.08"]
[EventType "swiss"]
[EventRounds "5"]
[EventCountry "CAN"]
[SourceTitle "EXT 2022"]
[Source "ChessBase"]
[SourceDate "2021.10.06"]
[SourceVersion "1"]
[SourceVersionDate "2021.10.06"]
[SourceQuality "1"]

1. d4 Nf6 2. c4 c5 3. e3 e6 4. Nf3 d5 5. cxd5 exd5 6. Be2 Nc6 7. O-O Be7 8. Nc3 O-O 9. dxc5 Bxc5 10. Nb5 Qe7 11. Nbd4 Bg4 12. Nxc6 bxc6 13. a3 Ne4 14. Nd2 Nxf2 15. Rxf2 Qxe3 16. Ne4 Qxe4 17. Bxg4 Rfe8 18. Kf1 Bxf2 19. Kxf2 f5 20. Be2 Re6 21. Qd3 Qh4+ 22. Kg1 Rae8 23. Bf1 Re1 24. g3 Qg4 25. h3 Qxh3 26. b4 Rxf1+ 27. Qxf1 Qxg3+ 28. Kh1 Re4 0-1

[Event "RA December op"]
[Site "Ottawa CAN"]
[Date "2017.12.09"]
[Round "3"]
[White "Collins, Chris"]
[Black "Fei, David"]
[Result "1-0"]
[WhiteElo "2015"]
[BlackElo "2057"]
[WhiteFideId "-1"]
[WhiteFideId "-1"]
[PlyCount "111"]
[GameId "2160767908292250"]
[EventDate "2017.12.08"]
[EventType "swiss"]
[EventRounds "5"]
[EventCountry "CAN"]
[SourceTitle "EXT 2022"]
[Source "ChessBase"]
[SourceDate "2021.10.06"]
[SourceVersion "1"]
[SourceVersionDate "2021.10.06"]
[SourceQuality "1"]

1. e4 c5 2. d4 cxd4 3. Nf3 Nc6 4. Nxd4 Nf6 5. Nc3 e5 6. Ndb5 d6 7. Nd5 Nxd5 8. exd5 Nb8 9. c4 Be7 10. Be2 O-O 11. Be3 a6 12. Nc3 f5 13. f3 Bh4+ 14. g3 f4 15. Bf2 fxg3 16. hxg3 Bg5 17. Ne4 Bh6 18. Rxh6 gxh6 19. Qd2 Bf5 20. Qxh6 Bxe4 21. fxe4 Qa5+ 22. Kf1 Qd8 23. Bg4 Qf6 24. Qxf6 Rxf6 25. b4 a5 26. b5 h5 27. Be6+ Kf8 28. Ke2 Ke7 29. Rh1 Nd7 30. Rxh5 Nf8 31. Rh8 Re8 32. Bf5 Kf7 33. Be3 Kg7 34. Rh1 Ng6 35. Bh6+ Kf7 36. Bg5 Nf8 37. Bxf6 Kxf6 38. Rh6+ Ke7 39. g4 Rd8 40. a4 b6 41. g5 Kf7 42. Kf3 Kg7 43. Rf6 Nh7 44. Bxh7 Kxh7 45. Kg4 Kg7 46. Kf5 Rc8 47. Rxd6 Rxc4 48. Rd7+ Kf8 49. Kf6 Ke8 50. Ke6 Rxe4 51. Rh7 Kf8 52. d6 Kg8 53. Rb7 Rf4 54. Rb8+ Kg7 55. d7 Rf7 56. d8=Q 1-0

[Event "RA December op"]
[Site "Ottawa CAN"]
[Date "2017.12.09"]
[Round "3"]
[White "Gordon, David"]
[Black "Villeneuve, Robert"]
[Result "1/2-1/2"]
[WhiteElo "2291"]
[BlackElo "2046"]
[WhiteFideId "-1"]
[WhiteFideId "-1"]
[PlyCount "70"]
[GameId "2160767908292251"]
[EventDate "2017.12.08"]
[EventType "swiss"]
[EventRounds "5"]
[EventCountry "CAN"]
[SourceTitle "EXT 2022"]
[Source "ChessBase"]
[SourceDate "2021.10.06"]
[SourceVersion "1"]
[SourceVersionDate "2021.10.06"]
[SourceQuality "1"]

1. d4 Nc6 2. d5 Ne5 3. e4 e6 4. Nf3 Nxf3+ 5. Qxf3 Qf6 6. Be2 exd5 7. exd5 Qxf3 8. Bxf3 Bc5 9. O-O Ne7 10. Nc3 d6 11. Re1 Bf5 12. Bh5 h6 13. Be3 Kf8 14. Bxc5 dxc5 15. Re2 Re8 16. Rae1 Bd7 17. b3 a6 18. Bf3 Nf5 19. Bg4 Rxe2 20. Rxe2 g6 21. Bxf5 gxf5 22. f4 f6 23. Kf2 Kf7 24. Nd1 c6 25. Ne3 cxd5 26. Nxd5 Bc6 27. Nc3 Rd8 28. g3 Rd6 29. Ke1 b5 30. Rd2 Re6+ 31. Re2 Rd6 32. a3 b4 33. axb4 cxb4 34. Na2 a5 35. c3 bxc3 1/2-1/2